Statistics for Countries Without Black on their National Flag

Click here to take the quiz!

General Stats

  • This quiz has been taken 23 times
  • The average score is 86 of 131

Answer Stats

Answer% Correct
China
95%
Netherlands
95%
France
90%
Japan
90%
United Kingdom
90%
Andorra
86%
Greece
86%
Hungary
86%
Iceland
86%
Italy
86%
Sweden
86%
United States
86%
Algeria
81%
Austria
81%
Azerbaijan
81%
Brazil
81%
Cuba
81%
Czech Republic
81%
Finland
81%
India
81%
Ireland
81%
Kazakhstan
81%
Latvia
81%
Norway
81%
Russia
81%
Serbia
81%
Slovenia
81%
Ukraine
81%
Vietnam
81%
Argentina
76%
Australia
76%
Belarus
76%
Canada
76%
Chile
76%
Indonesia
76%
Lithuania
76%
Niger
76%
Nigeria
76%
Oman
76%
Panama
76%
San Marino
76%
Slovakia
76%
Turkey
76%
Armenia
71%
Georgia
71%
Iran
71%
Laos
71%
Luxembourg
71%
Mexico
71%
Morocco
71%
New Zealand
71%
Poland
71%
Qatar
71%
Turkmenistan
71%
Uzbekistan
71%
Bahrain
67%
Denmark
67%
Guatemala
67%
Honduras
67%
Israel
67%
Malaysia
67%
Monaco
67%
Mongolia
67%
Pakistan
67%
Romania
67%
Singapore
67%
Switzerland
67%
Thailand
67%
Tonga
67%
Bangladesh
62%
Bolivia
62%
Bosnia and Herzegovina
62%
Bulgaria
62%
Chad
62%
Democratic Republic of the Congo
62%
Lebanon
62%
Mali
62%
Nauru
62%
Nepal
62%
North Korea
62%
North Macedonia
62%
Palau
62%
Saint Vincent and the Grenadines
62%
Saudi Arabia
62%
Suriname
62%
Tajikistan
62%
Tunisia
62%
Tuvalu
62%
Venezuela
62%
Bhutan
57%
Cameroon
57%
Central African Republic
57%
Colombia
57%
Dominican Republic
57%
Kiribati
57%
Kosovo
57%
Kyrgyzstan
57%
Philippines
57%
Samoa
57%
Togo
57%
Gabon
52%
Grenada
52%
Marshall Islands
52%
Mauritania
52%
Nicaragua
52%
Republic of the Congo
52%
Solomon Islands
52%
Taiwan
52%
Uruguay
52%
Benin
48%
Comoros
48%
Djibouti
48%
Liberia
48%
Madagascar
48%
Micronesia
48%
Myanmar
48%
Senegal
48%
Burkina Faso
43%
Eritrea
43%
Ethiopia
43%
Guinea
43%
Ivory Coast
43%
Mauritius
43%
Sierra Leone
43%
Cape Verde
38%
Maldives
38%
Namibia
38%
Rwanda
38%
Somalia
38%
Seychelles
33%
Burundi
29%

Score Distribution

Percentile by Number Answered

Percent of People with Each Score

Your Score History

You have not taken this quiz